Are you fast ? Abc speed test - Statistics

General Stats
  • This quiz has been taken 348 times
  • The average score is 26 of 52
Answer Stats
Letters Answer % Correct
A A
99%
B B
94%
C C
90%
D D
89%
E E
88%
G G
87%
F F
86%
H H
85%
I I
85%
J J
85%
K K
84%
L L
82%
M M
81%
N N
81%
O O
80%
Q Q
80%
P P
79%
R R
77%
S S
76%
T T
76%
U U
75%
V V
72%
W W
72%
X X
66%
Y Y
66%
Z Z
64%
Aa Aa
50%
Bb Bb
41%
Cc Cc
37%
Dd Dd
34%
Ee Ee
32%
Ff Ff
30%
Gg Gg
28%
Hh Hh
25%
Ii Ii
23%
Jj Jj
21%
Kk Kk
19%
Ll Ll
17%
Mm Mm
16%
Nn Nn
14%
Oo Oo
13%
Pp Pp
10%
Qq Qq
10%
Rr Rr
7%
Ss Ss
7%
Tt Tt
4%
Uu Uu
4%
Ww Ww
4%
Vv Vv
3%
Xx Xx
1%
Yy Yy
1%
Zz Zz
1%
No matching quizzes found
Score Distribution
Percent of People with Each Score
Percentile by Number Answered
Your Score History
You have not taken this quiz